000
00321 a2200145 4500
001
177539
020
_a
040
_c
Magnum
100
_a
Gomes, Alvaro Cardoso
240
1
0
_a
Aprendendo a crescer
_l
por
245
1
0
_a
Aprendendo a crescer
362
0
_a
1899
697
_a
MAGNITO: IJ/AVENTURA, CRIANCAS
942
_c
BK
999
_c
177539
_d
177539